000 00741nam a2200253 a 4500
001 67331
003 BD-RjUL
005 20211209081635.0
008 761202s1986 vtua 001 0 eng
020 _a0882660926
_a0882660918
035 _a(BD-RjUL)67462
040 _aDLC
_cDLC
_dBD-RjUL
_beng
041 _aeng
082 0 0 _a638.1
_223
_bTOP 1986
100 1 _aTompkins, Enoch H.
_9199489
245 1 0 _aPractical beekeeping /
_cby Enoch H. Tompkins & Roger Griffith.
260 _aCharlotte, Vt. :
_bGarden Way Pub.,
_cc1977[printed1986]
300 _avi, 218 p. :
_bill. ;
_c24 cm.
500 _aIncludes index.
650 0 _aBee culture.
_9199490
700 1 _aGriffith, Roger.
_9199491
942 _2ddc
_cBK
999 _c67331
_d67331